00445nam a22001577a 450000500170000001000130001702000260003003500130005603700100006908200170007910000180009624500480011426000420016227000620020430000210026620110929104928.0 aG-001463 c295.00a29581903178381daG-001463 bGift  a336.27140954 aPande, Ratan  aVAT:cby Ratan Pande bthe new tax system / aPanchkula bHoliday Book Store c2009 aS.C.O. 43, Ist Floor, Swastik Vihar MDCbPanchkula (H.R.) a172p. c22cm(Hb)